000 00634nam a2200193Ia 4500
003 GCL
008 140319s9999 xx 000 0 ara d
040 _aGCL /
_cGCL
082 0 4 _aد
_b050
100 1 _aوهب احمد رومية
245 1 0 _aشعرنا القديم والنقد الجديد (عالم المعرفة 207) /
_cوهب احمد رومية
300 _a271 ص
490 _aعالم المعرفة
_v0
650 0 4 _aالشعر الجاهلى
650 0 4 _aالنقد الادبى
650 0 4 _aالشعر العربى - تاريخ ونقد
650 0 4 _aالشعر العربى - تاريخ
942 _2ddc
_cBK
999 _c46186
_d46186